000 00571nam a22001937a 4500
999 _c2714
_d2714
003 AR-CdUCM
008 190305b ||||| |||| 00| 0 spa d
040 _aMUNICIPALIDAD PROVINCIAL DEL CUSCO
_cBIBLIOTECA MUNICIPAL DEL CUSCO
082 _a869.15 /
_bA41
100 _aAlmanza, Héctor Raúl
_99507
245 _aDetrás del espejo /
260 _aMéxico D.F. :
_bFondo de Cultura Económica,
_c1962.
300 _a247 páginas ;
_c18 cm.
650 _aNovela
_95
650 _aNovelas Mexicanas
_9676
650 _aSiglo XX
_98
942 _2ddc
_cLIBROS
945 _admma